|
|
|
|
| LEADER |
00000nam0a2200000 4500 |
| 001 |
362528 |
| 005 |
20231102011511.0 |
| 035 |
|
|
|a (RuTPU)RU\TPU\retro\19874
|
| 090 |
|
|
|a 362528
|
| 100 |
|
|
|a 20210728d1980 km y0rusy50 ca
|
| 101 |
0 |
|
|a rus
|
| 102 |
|
|
|a RU
|
| 105 |
|
|
|a a z 001zb
|
| 200 |
1 |
|
|a Этюд ПортРета
|f В. Завойский
|
| 210 |
|
|
|a Казань
|c Изд-во Казанского ун-та
|d 1980
|
| 215 |
|
|
|a 120 с.
|c ил.
|
| 320 |
|
|
|a Хронология: с. 119-120
|
| 600 |
|
1 |
|a Завойский
|b Е. К.
|f 1907-1976
|g Евгений Константинович
|c российский физик
|2 stltpush
|3 (RuTPU)RU\TPU\pers\12159
|
| 606 |
1 |
|
|a Физики
|x Персоналии
|2 stltpush
|3 (RuTPU)RU\TPU\subj\67452
|9 83245
|
| 610 |
1 |
|
|a физика
|
| 610 |
1 |
|
|a история
|
| 610 |
1 |
|
|a физическая наука
|
| 610 |
1 |
|
|a 20 век
|
| 610 |
1 |
|
|a ученые-физики
|
| 675 |
|
|
|a 53(092)
|v 4
|
| 700 |
|
1 |
|a Завойский
|b В.
|
| 801 |
|
1 |
|a RU
|b 63413507
|c 20210728
|
| 942 |
|
|
|c BK
|